| 000 -LEADER |
| fixed length control field |
00362nam a22000977a 4500 |
| 008 - FIXED-LENGTH DATA ELEMENTS--GENERAL INFORMATION |
| fixed length control field |
190114b ||||| |||| 00| 0 eng d |
| 100 ## - MAIN ENTRY--AUTHOR'S NAME |
| Author's Name |
Calleras, Tage |
| 245 ## - TITLE STATEMENT |
| Title |
Catalogue of the Swedish UN-Forces military mail cancellations |
| 260 ## - PUBLICATION, DISTRIBUTION, ETC. (IMPRINT) |
| Name of publisher, distributor, etc. |
United Nations Study Unit of the A.T.A., |
| Date of publication, distribution, etc. |
1966 |
| 650 ## - TOPICAL TERM (Tag) |
| Topical term or geographic name |
Sweden | United Nations | Military Mail | Catalogs and Price Lists |